000 01484nam a2200121Ia 4500
008 220615s9999||||xx |||||||||||||| ||und||
245 0 _aMolecular Biocatalysis 2.0
546 _aEnglish[eng]
650 _aE. coli||recombinant horseradish peroxidase||site-directed mutagenesis||periplasm||glycosylation sites||Aspergillus niger||quercetin||rutin||rutinose||rutinosidase||“solid-state biocatalysis”||hyaluronic acid||in vitro synthesis||one-pot multi-enzyme||optimization||enzyme cascade||Basidiomycota||Agaricomycotina||nitrilase||cyanide hydratase||nitrile||substrate specificity||overproduction||homology modeling||substrate docking||phylogenetic distribution||indigo||MISO library||flavin||monooxygenase||FMO||β-N-acetylhexosaminidases||transglycosylation||Glide docking||Talaromyces flavus||muramic acid||non-reducing carbohydrate||glucose oxidase||direct electron transfer||amine-reactive phenazine ethosulfate||glucose sensor||glycemic level monitoring||Pseudomonas putida MnB1||biogenic manganese oxides||abiotic manganese oxides||α-Hydroxy-β-keto esters||whole-cell biocatalysis||surface display||cell wall anchor||Lactobacillus plantarum||whole-cell biocatalyst||n/a||Fe(II)/2-ketoglutarate-dependent dioxygenase||2-ketoglutarate generation||regio- and stereo-selective synthesis||hydroxy amino acids||sequential cascade reaction
700 _aKřen, Vladimír||Bojarová, Pavla
856 _uhttps://mdpi.com/books/pdfview/book/2951
942 _cEB
999 _c13070
_d13070